000 00720nam a2200241 a 4500
008
020 _a034091338X (pbk.)
049 _aMAIN
090 _aREF P87.5
_bWAT
100 1 _aWatson, James.
245 1 0 _aDictionary of media and communication studies /
_cJames Watson and Anne Hill.
250 _a7th ed.
260 _aLondon :
_bHodder Arnold,
_c2006.
300 _axxiv, 337 p. :
_bill. ;
_c24 cm.
500 _aIncludes bibliographical references.
650 1 _aMedia and communication studies.
700 _aHill, Anne.
907 _a.b10260201
_b18-09-09
_c13-02-09
003
005 20230123124926.0
040 _cNUST
942 _cBOOKS
_kREF P87.5
_mWAT
999 _c132670
_d132670